| Record ID | ia:simonwitch0000barr |
| Source | Internet Archive |
| Download MARC XML | https://archive.org/download/simonwitch0000barr/simonwitch0000barr_marc.xml |
| Download MARC binary | https://www.archive.org/download/simonwitch0000barr/simonwitch0000barr_meta.mrc |
LEADER: 01263cam 2200397 i 4500
001 ocm16445651
003 OCoLC
005 20200825054236.0
008 780302r19781976enka j 000 1 eng
040 $aUKM$beng$cUKM$dOCLCF$dNLE$dOCLCQ$dOCLCO
015 $aGB7808642$2bnb
019 $a877122376
020 $a0006714153$q(pbk.)
020 $a9780006714156$q(pbk.)
035 $a(OCoLC)16445651$z(OCoLC)877122376
082 04 $a823/.9/1$218
100 1 $aBarry, Margaret Stuart.
245 10 $aSimon and the witch /$cMargaret Stuart Barry ; illustrated by Linda Birch.
260 $a[London] :$bFontana,$c[1978]
300 $a78 pages :$billustrations ;$c20 cm.
336 $atext$btxt$2rdacontent
337 $aunmediated$bn$2rdamedia
338 $avolume$bnc$2rdacarrier
490 1 $aLions
500 $aOriginally published: London : Collins, 1976.
650 0 $aChildren's stories.
650 7 $aChildren's stories.$2fast$0(OCoLC)fst00856632
653 $aChildren's stories in English, 1900- Texts
700 1 $aBirch, Linda.
830 0 $aLions.
029 1 $aAU@$b000002209754
029 1 $aNZ1$b3479186
029 1 $aUNITY$b018727689
029 1 $aUNITY$b051389657
994 $aZ0$bP4A
948 $hNO HOLDINGS IN P4A - 16 OTHER HOLDINGS